QCM sur la France - Statistiques

Statistiques générales
  • Ce quiz a été pris 356 fois
  • Le résultat moyen est 11 sur 12
Statistiques - réponses
Question Réponse % Correct
Qui est actuellement le président de la république ? Emmanuel Macron
100%
Quel roi français fût surnommé le roi Soleil ? Louis XIV
99%
Quel célèbre personnage était à la tête du Premier Empire français ? Napoléon Bonaparte
98%
Par quelle forme géométrique est surnommée la France ? Hexagone
97%
Quelle ville est surnommée la Ville Rose ? Toulouse
93%
De quelle couleur est le maillot du vainqueur du Tour de France ? Jaune
92%
Quel acteur français retrouve-t-on dans les films Le Corniaud, La Grande Vadrouille et Le Gendarme de Saint-Tropez ? Louis de Funès
92%
Dans quelle ville se trouve la promenade des Anglais ? Nice
90%
Quel fleuve traverse la ville de Nantes ? Loire
86%
Quel club de football français est le seul à avoir remporté la Ligue des champions ? Olympique de Marseille
77%
Quel département français est le plus grand (en superficie)? Guyane
76%
De quelle région le célèbre Camembert est originaire ? Normandie
70%
Aucun quiz correspondant
Distribution des résultats
% des personnes avec chaque résultat
Percentile par nombre de réponses
Votre historique - résultats
Vous n’avez pas pris ce quiz